000 01022nam a22003137a 4500
001 BR0105013
003 BR-BrBNA
005 20230928100955.0
007 ta
008 230509b bl.||||| |||| 00| 0 por d
040 _aBR-BrBNA
_bpor
_cBiblioteca Nacional de Agricultura
041 _a(Por)
072 _aF30
_b1410
090 _ 1410 BR0105013
100 1 _aAndrade, S.R.M. de
110 1 _aEscola Superior de Agricultura Luiz de Queiroz, Piracicaba, SP (Brasil)
_0Tese (Doutor em Agronomia)
245 1 _aOtimizacao da tecnica SAAT (Sonication-Assisted Agrobacterium-Mediated Transformation)para transformacao de Phaseolus vulgaris
260 3 _aPiracicaba, SP (Brasil):
_c2001.
300 _a102 p.
500 _aSummaries (Eng, Por); Bibliography p. 83-95; 22 illus.; 18 tables
650 _aFeijao
650 _aBacteria
650 _aVariedade Resistente
650 _aPlanta Transgenica
650 _aGermoplasma
650 _aExplante
909 _a202309
_bLucia
_c55
_dLucia Elande
942 _cBK
999 _c63664
_d63664